| 000 | 00687nam a2200217Ia 4500 | ||
|---|---|---|---|
| 003 | GCL | ||
| 008 | 140319s9999 xx 000 0 ara d | ||
| 040 |
_aGCL / _cGCL |
||
| 082 | 0 | 4 |
_a394.5 _bا ك |
| 100 | 1 | _aابراهيم حلمى | |
| 245 | 1 | 0 |
_aكسوة الكعبة المشرفة وفنون الحجاج / _cابراهيم حلمى |
| 260 |
_a[S.N] : _bعين للدراسات والبحوث الانسانية والاجتماعية ، _c1994 |
||
| 300 | _a203 ص | ||
| 490 | _a | ||
| 650 | 0 | 4 | _aالحج |
| 650 | 0 | 4 | _aالتراث الاسلامى |
| 650 | 0 | 4 | _aكسوة الكعبة |
| 650 | 0 | 4 | _aالمحمل |
| 650 | 0 | 4 | _aالفن الاسلامى |
| 942 |
_2ddc _cBK |
||
| 999 |
_c30762 _d30762 |
||